Polskie miasta wojewódzkie - Statystyki

Ogólne statystyki
  • Ten quiz został rozwiązany 563 razy
  • Średni wynik to 15 z 16
Statystyki odpowiedzi
województwo Odpowiedź % Poprawnych
Łódzkie Łódź
98%
Opolskie Opole
97%
Mazowieckie Warszawa
97%
Pomorskie Gdańsk
96%
Dolnośląskie Wrocław
96%
Lubelskie Lublin
95%
Podlaskie Białystok
93%
Kujawsko-Pomorskie Bydgoszcz / Toruń
93%
Małopolskie Kraków
93%
Zachodniopomorskie Szczecin
93%
Śląskie Katowice
92%
Wielkopolskie Poznań
91%
Lubuskie Gorzów Wielkopolski / Zielona góra
90%
Podkarpackie Rzeszów
86%
Świętokrzyskie Kielce
83%
Warmińsko-Mazurskie Olsztyn
83%
Nie znaleziono quizów pasujących do podanych kryteriów
Rozkład punktacji
Procent ludzi z każdym wynikiem
Percentyl według liczby udzielonych odpowiedzi
Twoja historia wyników
Nie rozwiązałeś tego quizu